000 00717nam a2200289Ia 4500
005 20260324144905.0
008 008 260324s9999 xx 000 0 eng d
020 _a9781351327640
037 _aEBOOK
040 _aCRL
040 _beng
040 _cCRL
041 _2eng
041 _aeng
084 _qCRL
100 _aCynthia Schellenbach
_91220991
245 0 _aTroubled Youth, Troubled Families
245 0 _bUnderstanding Families at Risk for Adolescent Maltreatment
260 _bTaylor and Francis
260 _c1986
365 _a
365 _b210
856 _uhttp://www.taylorfrancis.com/books/9781351327640
942 _cEBOOK
999 _c1828173
_d1828173